| 000 | 02171nam a2200253 i 4500 | ||
|---|---|---|---|
| 003 | DO-SdBNP | ||
| 005 | 20251010134747.0 | ||
| 007 | ta | ||
| 008 | 251010b2000 dr a|||| |||| 00| 0 spa d | ||
| 040 |
_aDO-SdBNP _bspa _cBNPHU _erda |
||
| 041 | _aspa | ||
| 082 | 4 |
_axxx _b P273pr _222 |
|
| 110 | 1 |
_aPartido Revolucionario Dominicano. _bDepartamento Nacional de Asuntos Técnicos _988685 |
|
| 245 | 1 | 0 |
_aPropuestas básicas del programa de gobierno 2000-2004, para la consulta a la sociedad civil / _cpresentación, Hipólito Mejía |
| 264 |
_aSanto Domingo : _bPartido Revolucionario Dominicano. Departamento Nacional de Asuntos Técnicos, _c2000. |
||
| 300 |
_a175 páginas ; _c21 cm. |
||
| 336 |
_atexto _btxt _2rdacontent |
||
| 337 |
_asin mediación _bn _2rdamedia |
||
| 338 |
_avolumen _bnc _2rdacarrier |
||
| 505 | _aPresentación, 6-- A modo de presentación del gobierno compartido, 10-- Gobierno compartido : democracia política, económica y social 11 -- Política de modernización del Estado 15 -- Estrategia y planificación de políticas económicas 31|Política de relaciones exteriores 47|Política de Fuerzas Armadas y Policía Nacional 52|Política educativa 57|Política cultural 67|Política científica y tecnológica 72|Política de salud 75|Política de seguridad social 81|Política de agua potable, alcantarillado y saneamiento básico 84|Política de desarrollo urbano 87|Política de vivienda 89|Política nacional de catastro 94|Política de deporte, educación física y recreación 96|Política de la mujer 104|Política de la juventud 108|Política de la niñez 114|Política sindical y relaciones laborales 116|Política de construcción de obras públicas 118|Política de transporte 121|Política de energía 124|Política agropecuaria y desarrollo rural 126|Política de medio ambiente y recursos naturales 144|Política industrial 153|Política de turismo 161|Política de minería 165|Política de dominicanos residentes en el exterior 168|Política de desarrollo cooperativo 171|Plan maestro de desarrollo informatico 173|Política de servicio postal 175 | ||
| 590 | _aInventariado, 2025 /LP | ||
| 910 | _aLP | ||
| 942 |
_2ddc _cLBS1 |
||
| 999 |
_c59938 _d59938 |
||